| 000 | 00518nam a2200169 a 4500 | ||
|---|---|---|---|
| 001 | 5624 | ||
| 003 | CDMR | ||
| 005 | 20131126161742.0 | ||
| 008 | 130130s1984||||||||||||||||||||||||||||d | ||
| 040 |
_aCDMR _bcat _cCDMR |
||
| 245 | 4 |
_aThe public perception of newspapers _b: examining credibility : the J. Montgomery Curtis Memorial Seminar |
|
| 260 |
_aReston (Virginia) _c1984 _bAmerican Press Institute |
||
| 300 | _a19 p. | ||
| 650 | 0 | 4 |
_92537 _aOpinió pública |
| 654 |
_93098 _aDiaris _cReputació |
||
| 942 |
_cFULLET _2udc |
||
| 999 |
_c5624 _d5624 |
||